| 000 | 00540cam a22002171 4500 | ||
|---|---|---|---|
| 001 | sa 67007041 | ||
| 003 | DLC | ||
| 005 | 20260227112412.0 | ||
| 008 | 890505s1967 ii 000 0 hino | ||
| 010 | _asa 67007041 | ||
| 035 | _a(OCoLC)19660475 | ||
| 040 |
_aDLC _cWaU _dDLC |
||
| 042 | _apremarc | ||
| 050 | 0 | 0 |
_aDS481.G3 _bM3 |
| 100 | 1 |
_aMachwe, Prabhakar Balvant, _d1917- |
|
| 245 | 1 | 0 | _aSau savāla, eka javāba. |
| 260 | _c[1967] | ||
| 300 |
_a125 p. _c18 cm. |
||
| 500 | _aIn Hindi. | ||
| 600 | 1 | 0 |
_aGandhi, _cMahatma, _d1869-1948. |
| 999 |
_c76313 _d76313 |
||